SEC Starting Quarterbacks of Last 10 Years - Statistics

General Stats
  • This quiz has been taken 188 times
  • The average score is 59 of 160
Answer Stats
Year Team Quarterback % Correct
2019 LSU Joe Burrow
86%
2018 LSU Joe Burrow
86%
2022 Alabama Bryce Young
84%
2021 Alabama Bryce Young
84%
2023 LSU Jayden Daniels
84%
2022 LSU Jayden Daniels
84%
2020 Alabama Mac Jones
84%
2023 Texas Quinn Ewers
83%
2022 Texas Quinn Ewers
83%
2019 Alabama Tua Tagovailoa
83%
2018 Alabama Tua Tagovailoa
83%
2017 Alabama Jalen Hurts
81%
2016 Alabama Jalen Hurts
81%
2019 Oklahoma Jalen Hurts
81%
2020 Georgia J.T. Daniels
81%
2021 Florida Emory Jones
79%
2023 Georgia Carson Beck
78%
2022 Georgia Stetson Bennett
78%
2021 Georgia Stetson Bennett
78%
2018 Oklahoma Kyler Murray
75%
2023 Alabama Jalen Milroe
73%
2017 Oklahoma Baker Mayfield
71%
2016 Oklahoma Baker Mayfield
71%
2015 Oklahoma Baker Mayfield
71%
2015 Mississippi State Dak Prescott
70%
2014 Mississippi State Dak Prescott
70%
2022 Tennessee Hendon Hooker
65%
2021 Tennessee Hendon Hooker
65%
2023 Ole Miss Jaxson Dart
65%
2022 Ole Miss Jaxson Dart
65%
2023 Tennessee Joe Milton
60%
2020 Oklahoma Spencer Rattler
60%
2023 South Carolina Spencer Rattler
60%
2022 South Carolina Spencer Rattler
60%
2022 Florida Anthony Richardson
59%
2021 Auburn Bo Nix
57%
2020 Auburn Bo Nix
57%
2019 Auburn Bo Nix
57%
2022 Kentucky Will Levis
56%
2021 Kentucky Will Levis
56%
2019 Georgia Jake Fromm
54%
2018 Georgia Jake Fromm
54%
2017 Georgia Jake Fromm
54%
2021 Oklahoma Caleb Williams
52%
2018 Missouri Drew Lock
51%
2017 Missouri Drew Lock
51%
2016 Missouri Drew Lock
51%
2015 Missouri Drew Lock
51%
2020 Florida Kyle Trask
49%
2019 Florida Kyle Trask
49%
2023 Missouri Brady Cook
46%
2022 Missouri Brady Cook
46%
2023 Arkansas K.J. Jefferson
46%
2022 Arkansas K.J. Jefferson
46%
2021 Arkansas K.J. Jefferson
46%
2020 Texas Sam Ehlinger
46%
2019 Texas Sam Ehlinger
46%
2018 Texas Sam Ehlinger
46%
2017 Texas Sam Ehlinger
46%
2023 Auburn Payton Thorne
43%
2023 Oklahoma Dillon Gabriel
41%
2022 Oklahoma Dillon Gabriel
41%
2014 Auburn Jeremy Johnson
41%
2021 LSU Max Johnson
41%
2023 Texas A&M Max Johnson
41%
2023 Florida Graham Mertz
40%
2017 Kentucky Stephen Johnson
40%
2016 Kentucky Stephen Johnson
40%
2015 Alabama Jake Coker
38%
2023 Mississippi State Will Rogers
38%
2022 Mississippi State Will Rogers
38%
2021 Mississippi State Will Rogers
38%
2020 Mississippi State Will Rogers
38%
2014 Alabama Blake Sims
37%
2016 Tennessee Joshua Dobbs
37%
2015 Tennessee Joshua Dobbs
37%
2021 Ole Miss Matt Corral
37%
2020 Ole Miss Matt Corral
37%
2019 Ole Miss Matt Corral
37%
2016 Ole Miss Chad Kelly
33%
2015 Ole Miss Chad Kelly
33%
2020 Texas A&M Kellen Mond
33%
2019 Texas A&M Kellen Mond
33%
2018 Texas A&M Kellen Mond
33%
2020 Arkansas Feleipe Franks
29%
2018 Florida Feleipe Franks
29%
2017 Florida Feleipe Franks
29%
2018 Auburn Jarrett Stidham
29%
2017 Auburn Jarrett Stidham
29%
2017 Arkansas Austin Allen
27%
2016 Arkansas Austin Allen
27%
2014 Ole Miss Bo Wallace
27%
2015 Arkansas Brandon Allen
27%
2014 Arkansas Brandon Allen
27%
2015 Texas A&M Kyle Allen
25%
2023 Kentucky Devin Leary
22%
2016 Georgia Jacob Eason
22%
2020 Tennessee Jarrett Guarantano
22%
2019 Tennessee Jarrett Guarantano
22%
2018 Tennessee Jarrett Guarantano
22%
2017 Tennessee Jarrett Guarantano
22%
2018 Mississippi State Nick Fitzgerald
22%
2017 Mississippi State Nick Fitzgerald
22%
2016 Mississippi State Nick Fitzgerald
22%
2016 Auburn Sean White
22%
2015 Auburn Sean White
22%
2020 Kentucky Terry Wilson
22%
2019 Kentucky Terry Wilson
22%
2018 Kentucky Terry Wilson
22%
2021 Texas Casey Thompson
21%
2014 South Carolina Dylan Thompson
19%
2015 Florida Will Grier
19%
2022 Texas A&M Haynes King
17%
2021 Texas A&M Zach Calzada
17%
2014 Texas A&M Kenny Hill
16%
2022 Auburn Robby Ashford
16%
2020 South Carolina Collin Hill
14%
2017 LSU Danny Etling
14%
2016 LSU Danny Etling
14%
2018 Ole Miss Jordan Ta'amu
14%
2019 Missouri Kelly Bryant
14%
2014 Oklahoma Trevor Knight
14%
2016 Texas A&M Trevor Knight
14%
2020 LSU Myles Brennan
13%
2016 Florida Austin Appleby
11%
2015 LSU Brandon Harris
11%
2017 Ole Miss Shea Patterson
11%
2018 South Carolina Jake Bentley
10%
2017 South Carolina Jake Bentley
10%
2016 South Carolina Jake Bentley
10%
2014 Florida Jeff Driskel
10%
2015 Georgia Greyson Lambert
8%
2014 Georgia Hutson Mason
8%
2015 Texas Jerrod Heard
8%
2018 Vanderbilt Kyle Shurmur
8%
2017 Vanderbilt Kyle Shurmur
8%
2016 Vanderbilt Kyle Shurmur
8%
2021 South Carolina Luke Doty
8%
2014 Missouri Maty Mauk
8%
2022 Vanderbilt Mike Wright
8%
2019 South Carolina Ryan Hilinski
8%
2016 Texas Shane Buechele
8%
2014 Texas Tyrone Swoopes
8%
2014 LSU Anthony Jennings
6%
2015 Kentucky Patrick Towles
6%
2014 Kentucky Patrick Towles
6%
2019 Vanderbilt Riley Neal
6%
2023 Vanderbilt A.J. Swann
5%
2021 Missouri Connor Bazelak
5%
2020 Missouri Connor Bazelak
5%
2014 Tennessee Justin Worley
5%
2021 Vanderbilt Ken Seals
5%
2020 Vanderbilt Ken Seals
5%
2018 Arkansas Ty Storey
5%
2019 Mississippi State Garrett Shrader
3%
2015 Vanderbilt Johnny McCrary
3%
2014 Vanderbilt Johnny McCrary
3%
2019 Arkansas Nick Starkel
3%
2017 Texas A&M Nick Starkel
3%
2015 South Carolina Perry Orth
3%
No matching quizzes found
Score Distribution
Percent of People with Each Score
Percentile by Number Answered
Your Score History
You have not taken this quiz